| 000 | 00693nam a2200229 a 4500 | ||
|---|---|---|---|
| 001 | 000012379 | ||
| 005 | 20200929163021.0 | ||
| 008 | 091111q1974 ck 000 f spa d | ||
| 040 |
_aDO-SdBNP _bspa _cBNPHU |
||
| 082 |
_aC863.44 _bC112d |
||
| 100 | 1 |
_aCaballero Calderón, Eduardo, _d1910-1993 _93748 |
|
| 245 | 1 | 0 |
_aDiario de tipacoque / _cEduardo Caballero Calderón. |
| 260 |
_aMedellín, Colombia : _bBedout, _c[1974]. |
||
| 300 |
_a180, [2] p. ; _c19 cm. |
||
| 490 | 1 |
_aBolsilibros Bedout _v15 |
|
| 650 | 4 |
_aNovela colombiana _91243 |
|
| 650 | 4 |
_aLiteratura colombiana _ySIGLO XX _914409 |
|
| 830 | 0 |
_aBolsilibros Bedout; _v15 _93750 |
|
| 910 | _aWM | ||
| 049 | _aBNGR | ||
| 049 | _aBNGR | ||
| 999 |
_c12036 _d12036 |
||